Представление документа в формате RUSMARC

ПолеНазваниеЗначение
  Тип записи a
  Библиографический уровень a
001 Контрольный номер RU/CBS_UL/BASE/ed74024494a34c36a31784cf07f4fd71
005 Дата корректировки 20260417114002.3
100 Данные общей обработки __
a Данные общей обработки 20260417 ||| 0rusy0189 ca
101 Язык документа 0_
a Язык текста rus
102 Страна публикации __
a Страна публикации RU
200 Заглавие и сведения об ответственности 1_
a Заглавие Первая тяжёлая летающая лодка Бериева
e Сведения, относящиеся к заглавию [80 лет первому полёту летающей лодки ЛЛ-143, ставшей прототипом гидросамолёта Бе-6]
f Первые сведения об ответственности А. Заблотский
300 Общие примечания __
a Общие примечания 16+
461 Уровень набора _0
1 2000
a Взлет
463 Уровень физической единицы _0
1 2000
a № 7-8
v С. 30-31 : фото
1 2101
d 2025
1 001RU/CBS_UL/BASE/71135b3af2cc457cbe5018879bad52d4
606 Тематические рубрики 0_
a Основная рубрика Бе-6, гидросамолёты
610 Ключевые слова 0_
a Ключевые слова гидросамолёты
610 Ключевые слова 0_
a Ключевые слова летающие лодки
610 Ключевые слова 0_
a Ключевые слова лодки летающие
610 Ключевые слова 0_
a Ключевые слова ОКБ Бериева
610 Ключевые слова 0_
a Ключевые слова заводские лётные испытания
610 Ключевые слова 0_
a Ключевые слова ЛЛ-143 (самолёты)
610 Ключевые слова 0_
a Ключевые слова Бе-6 (самолёты)
686 Индексы других классификаций __
2 Код системы rubbk
a Классификационный индекс 68.530.13
700 Автор _1
a Фамилия Заблотский
b Имя (инициалы) А.
801 Источник записи _0
a Страна RU
b Организация МБУК ЦБС г. Ульяновска
c Дата составления 20260417
g Правила каталогизации RCR
801 Источник записи _1
a Страна RU
b Организация МБУК ЦБС г. Ульяновска
c Дата составления 20260417
g Правила каталогизации RCR
901 Тип документа __
t Тип документа b
w Контрольный № источника RU/CBS_UL/BASE/71135b3af2cc457cbe5018879bad52d4
909 Создатель записи __
a Создатель записи lib2